| 000 | 004520000a22001930004500 | ||
|---|---|---|---|
| 999 |
_c47472 _d47472 |
||
| 001 | 215 | ||
| 003 | CO-MdFUSB | ||
| 005 | 20170810163402.0 | ||
| 008 | 170810b xxu||||| |||| 00| 0 eng d | ||
| 020 | _a958-04-9276-X | ||
| 040 | _cCO-MdBIC | ||
| 082 | 0 | 4 | _a863C B862do |
| 100 | 1 | _aPiumini, Roberto | |
| 245 | 1 | 0 | _aDoctor Me di cin / Roberto Piumini |
| 260 | _aBogotá : Norma | ||
| 300 | _a28 P. | ||
| 650 | 1 | 4 | _aLiteratura infantil |
| 942 | _cLGB | ||